| 000 | 00836nam a22002657a 4500 | ||
|---|---|---|---|
| 003 | URS | ||
| 005 | 20260406165556.0 | ||
| 008 | |||
| 020 | _a978-0-44311-699-5 | ||
| 040 |
_bEnglish _erda _cURS |
||
| 050 | 0 | 0 |
_aRB25 _b.Un25 2025 |
| 130 | 0 | _aGeneral and systematic pathology | |
| 245 | 1 | 0 |
_aUnderwood's pathology : _ba clinical approach / _cedited by Simon S. Cross, MD, FRCPath. |
| 246 | 3 | 0 | _aPathology |
| 250 | _aEight edition. | ||
| 264 | 1 |
_aEdinburgh : _bChurchill Livingstone : _bElsevier, _c©2025. |
|
| 300 |
_axviii, 756 pages : _bcolor illustrations ; _c28 cm. |
||
| 336 |
_atext _btxt _2rdacontent |
||
| 337 |
_aunmediated _bn _2rdamedia |
||
| 338 |
_avolume _bnc _2rdacarrier |
||
| 504 | _aIncludes bibliographical references and index. | ||
| 650 | 0 | _aPathology. | |
| 700 | 1 |
_aCross, Simon S., _eeditor. |
|
| 942 |
_2lcc _cR |
||
| 999 |
_c99063 _d99060 |
||